| 000 | 00842nam a22002537a 4500 | ||
|---|---|---|---|
| 999 |
_c356 _d356 |
||
| 003 | AR-CdUCM | ||
| 008 | 190223b ||||| |||| 00| 0 spa d | ||
| 020 | _a8434406780 | ||
| 040 |
_aMUNICIPALIDAD PROVINCIAL DEL CUSCO _cBIBLIOTECA MUNICIPAL DEL CUSCO |
||
| 041 | _heng. | ||
| 082 |
_23 ed. _a947.84 / _bH53 |
||
| 100 |
_aHill, Christopher _91448 |
||
| 245 | _aLa revolución Rusa / | ||
| 260 |
_aEspaña : _bEdit.Ariel, _c1981 |
||
| 300 |
_a214 paginas ; _c17.5 cm. |
||
| 505 | _aLas causas de la revolución --Lenin -- Un partido de nuevo tipo --Hacia un estado de obreros y campesinos ... | ||
| 650 |
_aHistoria de Lenin _91449 |
||
| 650 |
_aMovimientos sociales _91450 |
||
| 650 |
_aPolítica _9291 |
||
| 650 |
_aEdad contemporanea _91451 |
||
| 650 |
_aLiteratura universal _9611 |
||
| 942 |
_2ddc _cLIBROS |
||
| 945 |
_arjall _d2019-02-23 |
||